| 000 | 00626nam a22001577a 4500 | ||
|---|---|---|---|
| 999 |
_c535309 _d535309 |
||
| 020 | _qHard Cover. | ||
| 082 | _a620.0011 | ||
| 100 | _aMuhammad Saleem Ahmed, Hafiz | ||
| 245 |
_aWet chemistry based development of LaMgAl11O19 and its hot corrosion studies in molten salt environment for thermal and environmental barrier applications / _cMuhammad Saleem Ahmed. |
||
| 260 |
_aIslamabd: _bUSPCASE NUST, _c2017. |
||
| 300 |
_a108 p. : _bill. ; _c30cm. |
||
| 942 |
_2ddc _cTHE |
||
| 650 |
_aEnergy System Engineering MS-Thesis. _928868 |
||
| 700 |
_aDr. Zuhair S.Khan _928871 |
||